000
00212nam a22000857a 4500
999
_c
11013
_d
11013
008
180720b ||||| |||| 00| 0 eng d
100
_a
Helfand
_9
6780
245
_a
Abraham Lincoln
260
_a
New Delhi
_b
Campfire
_c
2016